Llwytho...
Business ethics: concepts and cases /
| Prif Awdur: | |
|---|---|
| Fformat: | Printed Book |
| Cyhoeddwyd: |
New Delhi :
Prentice Hall ,
2006.
|
| Rhifyn: | 6th / |
| Pynciau: |
| LEADER | 00493cam a2200157ua 4500 | ||
|---|---|---|---|
| 020 | |a 81-203-2970-8 | ||
| 082 | 1 | 4 | |a 174.4 |b VEL-B |
| 100 | 1 | |a Velasquez, Manuel G . | |
| 245 | 1 | 0 | |a Business ethics: concepts and cases / |
| 250 | |a 6th / | ||
| 260 | |a New Delhi : |b Prentice Hall , |c 2006. | ||
| 300 | |a 437p ; | ||
| 650 | 0 | |a Business ethics | |
| 942 | |c BK | ||
| 999 | |c 31820 |d 31820 | ||
| 952 | |0 0 |1 0 |4 0 |6 174_400000000000000_VELB |7 0 |9 40797 |a KU |b KU |d 2015-07-05 |l 1 |o 174.4 VEL-B |p MB03194 |r 2020-12-24 |s 2019-09-23 |y BK | ||